| 000 | 01436nam a22003497a 4500 | ||
|---|---|---|---|
| 003 | CHAP | ||
| 005 | 20220329141007.0 | ||
| 008 | 971013s1994 r 00010 d | ||
| 010 | _a61018 | ||
| 011 | _a61990 | ||
| 035 | _a66162 | ||
| 040 | _cCHAP | ||
| 090 | _aFolleto 14702 v.16 | ||
| 100 | 0 | 0 |
_aAquino Martinez, Jesus. _96400 |
| 245 | _aEnfermedades comunes del maíz en el Estado de México | ||
| 260 |
_aMetepec, Méx. : _bInstituto de Investigación y Capacitación Agropecuaria Acuícola y Forestal del Estado de México, _c1994 |
||
| 300 | _aHoja desplegable | ||
| 490 |
_aInstituto de Investigación y Capacitación Agropecuaria Acuícola y Forestal del Estado de México. Desplegable _v; 16 |
||
| 590 |
_aBATCH-UPD _b10 _c20130110 _lUCH01 _h0300 |
||
| 590 |
_aBATCH-UPD _b10 _c20130110 _lUCH01 _h2036 |
||
| 590 |
_aBATCH-UPD _b10 _c20130409 _lUCH01 _h2331 |
||
| 590 |
_aBATCH-UPD _b10 _c20130410 _lUCH01 _h1351 |
||
| 590 |
_aBATCH-UPD _b10 _c20130914 _lUCH01 _h1648 |
||
| 590 |
_aCONVERSION _b10 _c20130109 _lUCH01 _h1333 |
||
| 650 | 1 | 4 |
_aMaíz _xEnfermedades. _970939 |
| 650 | 1 | 4 |
_aMaíz _zMéxico (Edo.). _971099 |
| 830 | 0 |
_aInstituto de Investigación y Capacitación Agropecuaria Acuícola y Forestal del Estado de México. Desplegable _v; 16 _959156 |
|
| 901 | _aBK | ||
| 942 | _cFOLL | ||
| 949 |
_aFolleto 14702 v.16 _bBC _cFOLL _d-151320 _eTS1 _i66162 _si |
||
| 949 |
_aFolleto 14702 v.16 _bBC _cFOLL _d-151321 _eTS2 _fc.2 _i66162 _si |
||
| 999 |
_c61018 _d61018 |
||